000 01002nam a2200241Ia 4500
001 236.2-KLI gr vi (3861)
003 IT-MiSPE
008 171229s9999||||xx |||||||||||||| ||und||
040 _aIT-MiSPE
_cIT-MiSPE
041 _aITALIANO
100 _aKlimsch-Grabinski
240 _aLeben di Töten?
245 0 _aVivono i morti?
250 _a9a ed.
260 _aS.l.
_bEd. Paoline
_c(impr.) 1955
300 _a314 p.
_c20 cm
500 _aDefunti
501 _aEdizioni San Paolo srl - Piazza Soncino, 5 - 20092 CINISELLO BALSAMO (MI) (non commercial uses only) ® Copyright 2018
700 _aM. Minellono
_g(traduzione)
942 _cBK
957 _71
999 _a10685
_bNO
_g Copie: 1
_c341269
_d341269